<?xml version="1.0" encoding="UTF-8"?>
<record
    xmlns:xsi="http://www.w3.org/2001/XMLSchema-instance"
    xsi:schemaLocation="http://www.loc.gov/MARC21/slim http://www.loc.gov/standards/marcxml/schema/MARC21slim.xsd"
    xmlns="http://www.loc.gov/MARC21/slim">

  <leader>01242nam a2200193Ia 4500</leader>
  <datafield tag="952" ind1=" " ind2=" ">
    <subfield code="0">0</subfield>
    <subfield code="1">0</subfield>
    <subfield code="4">0</subfield>
    <subfield code="7">0</subfield>
    <subfield code="a">18</subfield>
    <subfield code="b">18</subfield>
    <subfield code="d">2011-01-10</subfield>
    <subfield code="l">0</subfield>
    <subfield code="o">K117 P65</subfield>
    <subfield code="p">18 000641</subfield>
    <subfield code="r">2012-06-26</subfield>
    <subfield code="t">1</subfield>
    <subfield code="w">2012-06-26</subfield>
    <subfield code="y">LB</subfield>
  </datafield>
  <datafield tag="999" ind1=" " ind2=" ">
    <subfield code="c">74155</subfield>
    <subfield code="d">74155</subfield>
  </datafield>
  <controlfield tag="008">120626s1984    mx            000 0 spa d</controlfield>
  <datafield tag="020" ind1=" " ind2=" ">
    <subfield code="a">9685948399</subfield>
  </datafield>
  <datafield tag="020" ind1=" " ind2=" ">
    <subfield code="a">9789685948395</subfield>
  </datafield>
  <datafield tag="050" ind1=" " ind2=" ">
    <subfield code="a">K117</subfield>
    <subfield code="b">P65</subfield>
  </datafield>
  <datafield tag="100" ind1=" " ind2=" ">
    <subfield code="a">Pont, Luis Marco del</subfield>
    <subfield code="e">autor</subfield>
  </datafield>
  <datafield tag="245" ind1="1" ind2="0">
    <subfield code="a">Derecho penitenciario</subfield>
    <subfield code="c"> / Luis Marco de Pont</subfield>
  </datafield>
  <datafield tag="260" ind1="3" ind2=" ">
    <subfield code="a">M&#xE9;xico</subfield>
    <subfield code="b"> : C&#xE1;rdenas Velasco</subfield>
    <subfield code="c">, 1984</subfield>
  </datafield>
  <datafield tag="300" ind1=" " ind2=" ">
    <subfield code="a">xxxvi, 750 p&#xE1;ginas</subfield>
  </datafield>
  <datafield tag="500" ind1=" " ind2=" ">
    <subfield code="a">Contiene: abreviaturas y sugerencias</subfield>
  </datafield>
  <datafield tag="505" ind1=" " ind2=" ">
    <subfield code="a">Precursores del penitenciarismo
Los penitenciaristas latinoamericanos
Los sistemas penitenciarios
La sociedad cacelaria
Derechos y obligaciones de los presos
Construcciones penitenciarias
Personal penitenciario
El tratamiento de delincuentes
Trabajo penitenciario
Sexualidad y prisi&#xF3;n
La visita &#xED;ntima y otras soluciones
La educaci&#xF3;n penitenciaria
La asistencia m&#xE9;dica penitenciaria
Prisi&#xF3;n y drogas
Disciplina penitenciaria
Seguridad, motines y protestas
Patronatos de presos
Intercambio de prisioneros
Literatura, cine y c&#xE1;rceles 
An&#xE1;lisis cr&#xED;tico de la pena de prisi&#xF3;n y alternativas</subfield>
  </datafield>
  <datafield tag="519" ind1=" " ind2=" ">
    <subfield code="a">Plan Flexible / </subfield>
    <subfield code="b">Maestr&#xED;a en Derecho Penal / </subfield>
    <subfield code="c">Derecho Penitenciario (P08-2) / </subfield>
    <subfield code="d">(18 000641)</subfield>
  </datafield>
  <datafield tag="650" ind1=" " ind2="0">
    <subfield code="a">DERECHO PENAL</subfield>
    <subfield code="x">LEYES Y LEGISLACI&#xD3;N</subfield>
    <subfield code="z">M&#xC9;XICO</subfield>
  </datafield>
  <datafield tag="942" ind1=" " ind2=" ">
    <subfield code="c">LB</subfield>
  </datafield>
</record>
